Opposite of the Opposite - Statistics

General Stats
  • This quiz has been taken 28 times
  • The average score is 3 of 10
Answer Stats
Hint Answer % Correct
Left - R - W Wrong
96%
Negative 7 Days - W - S Strong
67%
Non-Depository Vault - S - D Dangerous
29%
Without - W - H Height
17%
Missing Teacher - S - S Super
17%
Sitting (Up) - L - T Truthing
17%
Musical - P - W Work
13%
Happy (Abstract) - B - Y Yellow
13%
Strings - B - A Allowed
4%
Day (Medieval) - N - E Enemy
4%
No matching quizzes found
Score Distribution
Percent of People with Each Score
Percentile by Number Answered
Your Score History
You have not taken this quiz